Indian Economy

-д хадгалсан:
Номзүйн дэлгэрэнгүй
Үндсэн зохиолч: Mishra & Puri
Формат: Ном
Хэвлэсэн: Himalaya
Нөхцлүүд:
Шошгууд: Шошго нэмэх
Шошго байхгүй, Энэхүү баримтыг шошголох эхний хүн болох!

MARC

LEADER 00000nam a2200000Ia 4500
005 20260427112728.0
526 |b Economics 
100 |a Mishra & Puri 
020 |a 9789371055673 
650 |a Indian Economy 
526 |a Bachelors 
942 |c BK 
245 |a Indian Economy 
260 |b Himalaya 
999 |c 123  |d 123 
952 |0 0  |1 0  |4 0  |7 0  |8 1  |a BRISTOL  |b BRISTOL  |d 2026-04-22  |l 0  |p 000007  |r 2026-04-27 11:27:28  |w 2026-04-27  |y BK